Mapa Europy - Statystyki

Ogólne statystyki
  • Ten quiz został rozwiązany 6 673 razy
    1 696 od ostatniego zresetowania
  • Średni wynik to 39 z 45
Odpowiedzi na mapie
Odpowiedzi zakodowano w zielono-czerwonej skali na mapie do tego quizu, zgodnie z poniższymi procentami.
 
Statystyki odpowiedzi
Kraj % Poprawnych
Polska
98%
Francja
96%
Hiszpania
96%
Niemcy
96%
Rosja
96%
Ukraina
95%
Włochy
95%
Czechy
94%
Portugalia
94%
Szwecja
94%
Białoruś
93%
Litwa
93%
Wielka Brytania
93%
Finlandia
92%
Irlandia
92%
Norwegia
92%
Słowacja
92%
Łotwa
91%
Estonia
90%
Dania
89%
Belgia
88%
Grecja
88%
Holandia
88%
Islandia
87%
Szwajcaria
86%
Austria
85%
Chorwacja
85%
Rumunia
85%
Watykan
84%
Słowenia
82%
Węgry
82%
Bośnia i Hercegowina
81%
Albania
79%
Luksemburg
79%
Andora
78%
Bułgaria
77%
Czarnogóra
76%
San Marino
76%
Mołdawia
75%
Serbia
74%
Kosowo
73%
Liechtenstein
73%
Monako
72%
Macedonia Północna
70%
Malta
70%
Nie znaleziono quizów pasujących do podanych kryteriów
Rozkład punktacji
Procent ludzi z każdym wynikiem
Percentyl według liczby udzielonych odpowiedzi
Twoja historia wyników
Nie rozwiązałeś tego quizu od ostatniego zresetowania